000 00683cam a22002411 4500
999 _c9078
_d9078
001 9078
003 BD-JhCC
005 20180315094756.0
008 750220s1961 nyu 000 0 eng
035 _a(BD-JhCC)9078
040 _aDLC
_cPPStCh
_dOCoLC
_dUk
_dDLC
_dBD-JhCC
041 _aeng
050 0 0 _aPS507
_b.M38
082 _a810.82
_bMAR 1961
100 0 _aMary Adolorata,
_cSister
245 1 4 _aThe growing years of American literature /
_cAdolorata Mary
260 _aNew York,
_bCatholic Education Division, Macmillan
_c[1961]
300 _a318 p.
_c21 cm.
440 4 _aThe pageant of literature.
650 0 _aAmerican literature.
942 _2ddc
_cBK